Punch-Out!! Characters - Statistics

General Stats
  • This quiz has been taken 129 times
  • The average score is 20 of 33
Answer Stats
From Game(s) Answer % Correct
Paris, France Punch-Out!! (arcade),Punch-Out!! (NES), Punch-Out!! (Wii) Glass Joe
96%
Istanbul, Turkey Punch-Out!! (arcade),Arm Wrestling, Punch-Out!! (NES), Super Punch-Out!!, Punch-Out!! (Wii) Bald Bull/Mask X
92%
Philadelphia, Pennsylvania, USA Punch-Out!! (arcade),Punch-Out!! (NES), Super Punch-Out!!, Punch-Out!! (Wii) Mr. Sandman
87%
Hippo Island, South Pacific Punch-Out!! (NES),Punch-Out!! (Wii) King Hippo
85%
Madrid, Spain Punch-Out!! (NES),Punch-Out!! (Wii) Don Flamenco
84%
Berlin, Germany Punch-Out!! (NES),Punch-Out!! (Wii) Von Kaiser
84%
Hollywood, California, USA Punch-Out!! (NES),Super Punch-Out!!, Punch-Out!! (Wii) Super Macho Man
83%
Brooklyn, New York, USA Punch-Out!! (Wii) Disco Kid
82%
Bombay/Mumbai, India Punch-Out!! (NES),Punch-Out!! (Wii) Great Tiger
82%
Tokyo, Japan Punch-Out!! (NES),Punch-Out!! (Wii) Piston Honda/Hondo
81%
Moscow, Russia Punch-Out!! (NES),Punch-Out!! (Wii) Soda Popinski/Vodka Drunkenski
81%
Saskatoon, Saskatchewan, Canada/Salmon Arm, B.C., Canada Super Punch-Out!!,Punch-Out!! (Wii) Bear Hugger
80%
Bronx, New York, USA Punch-Out!! (NES),Super Punch-Out!!, Punch-Out!! (Wii) Little Mac
75%
Dublin, Ireland Super Punch-Out!!,Punch-Out!! (Wii) Aran Ryan
73%
??? Punch-Out!! (Wii) Donkey Kong
73%
Paris, France Super Punch-Out!! Gabby Jay
69%
Havana, Cuba Punch-Out!! (arcade),Super Punch-Out!! Piston Hurricane
62%
Napoli, Italy Punch-Out!! (arcade) Pizza Pasta
56%
Milan, Italy Super Punch-Out!! Mad Clown
53%
??? Super Punch-Out!! Nick Bruiser
53%
Kingston, Jamaica Super Punch-Out!! Bob Charlie
52%
??? Super Punch-Out!! Rick Bruiser
52%
Hong Kong Super Punch-Out!! Dragon Chan
49%
Mexico City, Mexico Super Punch-Out!! Masked Muscle
48%
London, England Super Punch-Out!! Narcis Prince
43%
Brooklyn, New York, USA Punch-Out!! (arcade) Kid Quick
38%
Texas, USA Arm Wrestling Texas Mac
38%
Beijing, China Super Punch-Out!! Hoy Quarlow
30%
Osaka, Japan Super Punch-Out!! Heike Kagero
29%
???, Japan Arm Wrestling Kabuki
15%
??? Arm Wrestling Alice & Ape III
14%
??? Arm Wrestling Frank Jr.
14%
??? Punch-Out!! (arcade),(possibly) Arm Wrestling Challenger
13%
No matching quizzes found
Score Distribution
Percent of People with Each Score
Percentile by Number Answered
Your Score History
You have not taken this quiz